Cien dibujos de la colección J. A. Samaranch
Descripción Física:
[20] p. : principalment il. ; 21 cm
MARC
| LEADER | 00000nam a2200000Ia 4500 | ||
|---|---|---|---|
| 001 | 11815 | ||
| 008 | 160829s9999 xx 000 0 cat d | ||
| 080 | |a FU-13-32 | ||
| 245 | |a Cien dibujos de la colección J. A. Samaranch | ||
| 260 | |a Barcelona : |b (Imp. Casa de Caritat), DL 1974 | ||
| 300 | |a [20] p. : |b principalment il. ; |c 21 cm | ||
| 590 | |a Catàleg de l'exposició del mateix nom que va tenir lloc a la Sala de Cultura de la Caja de Ahorros Provincial de la Diputación de Barcelona, del 25 de maig al 5 de juny de 1974 | ||
| 650 | |a Samaranch, Joan Antoni |x Col·leccions de pintures |x Exposicions |9 20764 | ||
| 901 | |a Arxiu | ||
| 942 | |n 1 | ||
| 952 | |0 0 |1 0 |4 0 |6 FU1332 |7 1 |9 41656 |a Arxiu |b Arxiu |d 2016-12-01 |l 0 |o FU-13-32 |p 11815 |r 2016-12-01 00:00:00 |w 2016-12-01 |y ARXIU | ||
| 999 | |c 43546 |d 43546 | ||